Home Print Resources E-Books E-Journals IIMT Lecture Series Library Membership Form Book Recommendation Form Campus Tour Take AdmissionAbout Us Contact Us

Theory of Computer Science (Record no. 4714)

000 -LEADER
fixed length control field 00356nam a2200157Ia 4500
003 - CONTROL NUMBER IDENTIFIER
control field OSt
005 - DATE AND TIME OF LATEST TRANSACTION
control field 20240217125149.0
008 - FIXED-LENGTH DATA ELEMENTS--GENERAL INFORMATION
fixed length control field 170524s9999 xx 000 0 und d
020 ## - INTERNATIONAL STANDARD BOOK NUMBER
International Standard Book Number 978-8120329683
040 ## - CATALOGING SOURCE
Transcribing agency IIMT UNIVERSITY MEERUT
100 ## - MAIN ENTRY--PERSONAL NAME
Personal name Mishra KLP
245 #0 - TITLE STATEMENT
Title Theory of Computer Science
260 ## - PUBLICATION, DISTRIBUTION, ETC.
Name of publisher, distributor, etc. PHI
260 ## - PUBLICATION, DISTRIBUTION, ETC.
Date of publication, distribution, etc. 2008
942 ## - ADDED ENTRY ELEMENTS (KOHA)
Source of classification or shelving scheme
Koha item type Book Bank
Holdings
Withdrawn status Lost status Source of classification or shelving scheme Damaged status Not for loan Home library Current library Date acquired Total Checkouts Barcode Date last seen Date last checked out Uniform Resource Identifier Price effective from Koha item type Public note Total Renewals
          IIMT University Central Library Meerut IIMT University Central Library Meerut 06/01/2017 3 01-B-40657 01/29/2026 09/09/2025 COMPUTER SCIENCE 06/01/2017 Book Bank Engineering Departmental Library books  
          IIMT University Central Library Meerut IIMT University Central Library Meerut 06/01/2017 5 01-B-40658 01/21/2026 08/27/2025 COMPUTER SCIENCE 06/01/2017 Book Bank    
          IIMT University Central Library Meerut IIMT University Central Library Meerut 06/01/2017 4 01-B-40659 12/09/2025 12/09/2025 COMPUTER SCIENCE 06/01/2017 Book Bank    
          IIMT University Central Library Meerut IIMT University Central Library Meerut 06/01/2017 1 01-B-40660 01/29/2026 10/03/2025 COMPUTER SCIENCE 06/01/2017 Book Bank    
          IIMT University Central Library Meerut IIMT University Central Library Meerut 06/01/2017 2 01-B-40661 06/27/2023 04/10/2023 COMPUTER SCIENCE 06/01/2017 Book Bank    
          IIMT University Central Library Meerut IIMT University Central Library Meerut 06/01/2017 3 01-B-40662 08/26/2025 05/08/2025 COMPUTER SCIENCE 06/01/2017 Book Bank   1
          IIMT University Central Library Meerut IIMT University Central Library Meerut 06/01/2017 3 01-B-40663 12/10/2020 02/11/2020 COMPUTER SCIENCE 06/01/2017 Book Bank    
          IIMT University Central Library Meerut IIMT University Central Library Meerut 06/01/2017 4 01-B-40664 06/28/2024 03/15/2024 COMPUTER SCIENCE 06/01/2017 Book Bank    
          IIMT University Central Library Meerut IIMT University Central Library Meerut 06/01/2017 5 01-B-40665 06/24/2023 05/22/2023 COMPUTER SCIENCE 06/01/2017 Book Bank    
          IIMT University Central Library Meerut IIMT University Central Library Meerut 06/01/2017 5 01-B-40666 06/21/2024 04/09/2024 COMPUTER SCIENCE 06/01/2017 Book Bank    
IIMT, Central Library. All Rights Reserved IIMT,UNIVERSITY © 2023
Implemented and Customised by I CLOUDE EMS
You Are OPAC Visitor No
free web counter

Powered by Koha